000 00819nam a22001697a 4500
003 OSt
005 20251209155755.0
008 251209b |||||||| |||| 00| 0 eng d
040 _cDCL
082 _a၂၉၄.၃၈၂
100 0 _aဇောတာလင်္ကာရ ၊
_cဦး၊ ဆရာတော်-
245 1 _aပိဋကတော်နှင့်စပ် မှတ်စုထွေလာသိကောင်းစရာ၊
_nဒုတိယတွဲ /
_cဆရာတော် ဦးဇောတာလင်္ကာရ။
264 _aရန်ကုန် ၊
_bရွှေခေတ်စာပေ၊
_c၂၀၁၅။
300 _a၈၈၀ စာမျက်နှာ ၊
_c၂၉ စင်တီ။
650 _aပိဋကတော်
942 _2ddc
_cSHORT TERM
_n0
999 _c2684
_d2684